Combien de ville de la Manche (50) connais-tu ? - Statistiques

Statistiques générales
  • Ce quiz a été pris 3 fois
  • Le résultat moyen est 9 sur 611
Statistiques - réponses
Code postal Ville % Correct
51022 Châlons-en-Champagne
67%
51700 Dormans
67%
51000 Reims
67%
51420 Witry-lès-Reims
67%
51510 Compertrix
33%
51150 Condé-sur-Marne
33%
51320 Coole
33%
51510 Coolus
33%
51350 Cormontreuil
33%
51200 Épernay
33%
51510 Fagnières
33%
51520 La Veuve
33%
51370 Ormes
33%
51800 Sainte-Menehould
33%
51460 Saint-Étienne-au-Temple
33%
51500 Saint-Léonard
33%
51470 Saint-Memmie
33%
51220 Thil
33%
51370 Thillois
33%
51431 Tinqueux
33%
51320 Vatry
33%
51000 Vitry-le-François
33%
51240 Ablancourt
0%
51150 Aigny
0%
51260 Allemanche-Launay-et-Soyer
0%
51120 Allemant
0%
51250 Alliancelles
0%
51150 Ambonnay
0%
51290 Ambrières
0%
51260 Anglure
0%
51230 Angluzelles-et-Courcelles
0%
51700 Anthenay
0%
51170 Aougny
0%
51170 Arcis-le-Ponsart
0%
51800 Argers
0%
51290 Arrigny
0%
51290 Arzillières-Neuville
0%
51150 Athis
0%
51600 Aubérive
0%
51170 Aubilly
0%
51240 Aulnay-l'Aître
0%
51150 Aulnay-sur-Marne
0%
51110 Auménancourt
0%
51800 Auve
0%
51160 Avenay-Val-d'Or
0%
51190 Avize
0%
51160 Aÿ-Champagne
0%
51400 Baconnes
0%
51260 Bagneux
0%
51270 Bannay
0%
51230 Bannes
0%
51120 Barbonne-Fayel
0%
51170 Baslieux-lès-Fismes
0%
51700 Baslieux-sous-Châtillon
0%
51300 Bassu
0%
51300 Bassuet
0%
51260 Baudement
0%
51270 Baye
0%
51110 Bazancourt
0%
51360 Beaumont-sur-Vesle
0%
51270 Beaunay
0%
51490 Beine-Nauroy
0%
51330 Belval-en-Argonne
0%
51480 Belval-sous-Châtillon
0%
51130 Bergères-lès-Vertus
0%
51210 Bergères-sous-Montmirail
0%
51220 Berméricourt
0%
51420 Berru
0%
51800 Berzieux
0%
51490 Bétheniville
0%
51450 Bétheny
0%
51260 Bethon
0%
51330 Bettancourt-la-Longue
0%
51430 Bezannes
0%
51300 Bignicourt-sur-Marne
0%
51340 Bignicourt-sur-Saulx
0%
51400 Billy-le-Grand
0%
51800 Binarville
0%
51300 Blacy
0%
51300 Blaise-sous-Arzillières
0%
51130 Blancs-Coteaux
0%
51340 Blesme
0%
51170 Bligny
0%
51210 Boissy-le-Repos
0%
51310 Bouchy-Saint-Genest
0%
51390 Bouilly
0%
51170 Bouleuse
0%
51110 Boult-sur-Suippe
0%
51110 Bourgogne-Fresne
0%
51480 Boursault
0%
51140 Bouvancourt
0%
51400 Bouy
0%
51150 Bouzy
0%
51290 Brandonvillers
0%
51140 Branscourt
0%
51800 Braux-Sainte-Cohière
0%
51800 Braux-Saint-Remy
0%
51320 Bréban
0%
51140 Breuil-sur-Vesle
0%
51240 Breuvery-sur-Coole
0%
51220 Brimont
0%
51170 Brouillet
0%
51230 Broussy-le-Grand
0%
51230 Broussy-le-Petit
0%
51120 Broyes
0%
51530 Brugny-Vaudancourt
0%
51300 Brusson
0%
51600 Bussy-le-Château
0%
51330 Bussy-le-Repos
0%
51320 Bussy-Lettrée
0%
51110 Caurel
0%
51220 Cauroy-lès-Hermonville
0%
51800 Cernay-en-Dormois
0%
51420 Cernay-lès-Reims
0%
51240 Cernon
0%
51130 Chaintrix-Bierges
0%
51140 Châlons-sur-Vesle
0%
51130 Chaltrait
0%
51170 Chambrecy
0%
51500 Chamery
0%
51270 Champaubert
0%
51500 Champfleury
0%
51310 Champguyon
0%
51150 Champigneul-Champagne
0%
51370 Champigny
0%
51160 Champillon
0%
51480 Champlat-et-Boujacourt
0%
51700 Champvoisy
0%
51300 Changy
0%
51260 Chantemerle
0%
51290 Chapelaine
0%
51120 Charleville
0%
51330 Charmont
0%
51300 Châtelraould-Saint-Louvent
0%
51290 Châtillon-sur-Broué
0%
51700 Châtillon-sur-Marne
0%
51310 Châtillon-sur-Morin
0%
51800 Châtrices
0%
51800 Chaudefontaine
0%
51170 Chaumuzy
0%
51530 Chavot-Courcourt
0%
51250 Cheminon
0%
51140 Chenay
0%
51510 Cheniers
0%
51240 Cheppes-la-Prairie
0%
51240 Chepy
0%
51150 Cherville
0%
51120 Chichey
0%
51500 Chigny-les-Roses
0%
51530 Chouilly
0%
51130 Clamanges
0%
51260 Clesles
0%
51300 Cloyes-sur-Marne
0%
51480 Cœur-de-la-Vallée
0%
51270 Coizard-Joches
0%
51260 Conflans-sur-Seine
0%
51270 Congy
0%
51230 Connantray-Vaurefroy
0%
51230 Connantre
0%
51330 Contault
0%
51320 Corbeil
0%
51210 Corfélix
0%
51220 Cormicy
0%
51480 Cormoyeux
0%
51270 Corribert
0%
51210 Corrobert
0%
51230 Corroy
0%
51390 Coulommes-la-Montagne
0%
51240 Coupetz
0%
51240 Coupéville
0%
51140 Courcelles-Sapicourt
0%
51260 Courcemain
0%
51220 Courcy
0%
51300 Courdemanges
0%
51310 Courgivaux
0%
51270 Courjeonnet
0%
51170 Courlandon
0%
51390 Courmas
0%
51480 Courtagnon
0%
51800 Courtémont
0%
51700 Courthiézy
0%
51460 Courtisols
0%
51170 Courville
0%
51300 Couvrot
0%
51530 Cramant
0%
51170 Crugny
0%
51480 Cuchery
0%
51530 Cuis
0%
51700 Cuisles
0%
51480 Cumières
0%
51400 Cuperly
0%
51480 Damery
0%
51400 Dampierre-au-Temple
0%
51330 Dampierre-le-Château
0%
51240 Dampierre-sur-Moivre
0%
51530 Dizy
0%
51800 Dommartin-Dampierre
0%
51320 Dommartin-Lettrée
0%
51800 Dommartin-sous-Hans
0%
51330 Dommartin-Varimont
0%
51300 Dompremy
0%
51490 Dontrien
0%
51290 Drosnay
0%
51300 Drouilly
0%
51800 Éclaires
0%
51290 Écollemont
0%
51300 Écriennes
0%
51500 Écueil
0%
51230 Écury-le-Repos
0%
51240 Écury-sur-Coole
0%
51800 Élise-Daucourt
0%
51330 Épense
0%
51490 Époye
0%
51310 Escardes
0%
51260 Esclavolles-Lurey
0%
51310 Esternay
0%
51270 Étoges
0%
51130 Étréchy
0%
51340 Étrepy
0%
51230 Euvy
0%
51230 Faux-Fresnay
0%
51320 Faux-Vésigneul
0%
51170 Faverolles-et-Coëmy
0%
51300 Favresse
0%
51270 Fèrebrianges
0%
51230 Fère-Champenoise
0%
51700 Festigny
0%
51170 Fismes
0%
51190 Flavigny
0%
51480 Fleury-la-Rivière
0%
51800 Florent-en-Argonne
0%
51120 Fontaine-Denis-Nuisy
0%
51800 Fontaine-en-Dormois
0%
51160 Fontaine-sur-Ay
0%
51240 Francheville
0%
51300 Frignicourt
0%
51210 Fromentières
0%
51120 Gaye
0%
51160 Germaine
0%
51390 Germigny
0%
51130 Germinon
0%
51290 Giffaumont-Champaubert
0%
51290 Gigny-Bussy
0%
51330 Givry-en-Argonne
0%
51130 Givry-lès-Loisy
0%
51800 Gizaucourt
0%
51300 Glannes
0%
51230 Gourgançon
0%
51260 Granges-sur-Aube
0%
51800 Gratreuil
0%
51190 Grauves
0%
51390 Gueux
0%
51800 Hans
0%
51300 Haussignémont
0%
51320 Haussimont
0%
51290 Hauteville
0%
51160 Hautvillers
0%
51300 Heiltz-le-Hutier
0%
51340 Heiltz-le-Maurupt
0%
51340 Heiltz-l'Évêque
0%
51220 Hermonville
0%
51460 Herpont
0%
51110 Heutrégiville
0%
51140 Hourges
0%
51300 Huiron
0%
51320 Humbauville
0%
51700 Igny-Comblizy
0%
51110 Isles-sur-Suippe
0%
51290 Isle-sur-Marne
0%
51150 Isse
0%
51150 Jâlons
0%
51210 Janvilliers
0%
51390 Janvry
0%
51310 Joiselle
0%
51600 Jonchery-sur-Suippe
0%
51140 Jonchery-sur-Vesle
0%
51700 Jonquery
0%
51390 Jouy-lès-Reims
0%
51340 Jussecourt-Minecourt
0%
51150 Juvigny
0%
51270 La Caure
0%
51260 La Celle-sous-Chantemerle
0%
51800 La Chapelle-Felcourt
0%
51260 La Chapelle-Lasson
0%
51270 La Chapelle-sous-Orbais
0%
51240 La Chaussée-sur-Marne
0%
51600 La Cheppe
0%
51120 Lachy
0%
51600 La Croix-en-Champagne
0%
51120 La Forestière
0%
51170 Lagery
0%
51290 Landricourt
0%
51800 La Neuville-au-Pont
0%
51330 La Neuville-aux-Bois
0%
51480 La Neuville-aux-Larris
0%
51310 La Noue
0%
51290 Larzicourt
0%
51600 Laval-sur-Tourbe
0%
51110 Lavannes
0%
51120 La Villeneuve-lès-Charleville
0%
51270 La Ville-sous-Orbais
0%
51270 Le Baizil
0%
51210 Le Breuil
0%
51300 Le Buisson
0%
51330 Le Châtelier
0%
51800 Le Chemin
0%
51240 Le Fresne
0%
51210 Le Gault-Soigny
0%
51120 Le Meix-Saint-Epoing
0%
51320 Le Meix-Tiercelin
0%
51190 Le Mesnil-sur-Oger
0%
51230 Lenharrée
0%
51460 L'Épine
0%
51330 Les Charmontois
0%
51120 Les Essarts-lès-Sézanne
0%
51310 Les Essarts-le-Vicomte
0%
51400 Les Grandes-Loges
0%
51190 Les Istres-et-Bury
0%
51370 Les Mesneux
0%
51400 Les Petites-Loges
0%
51300 Les Rivières-Henruel
0%
51210 Le Thoult-Trosnay
0%
51700 Leuvrigny
0%
51210 Le Vézier
0%
51330 Le Vieil-Dampierre
0%
51170 Lhéry
0%
51290 Lignon
0%
51230 Linthelles
0%
51230 Linthes
0%
51300 Lisse-en-Champagne
0%
51400 Livry-Louvercy
0%
51130 Loisy-en-Brie
0%
51300 Loisy-sur-Marne
0%
51220 Loivre
0%
51500 Ludes
0%
51300 Luxémont-et-Villotte
0%
51800 Maffrécourt
0%
51530 Magenta
0%
51170 Magneux
0%
51500 Mailly-Champagne
0%
51240 Mairy-sur-Marne
0%
51300 Maisons-en-Champagne
0%
51800 Malmy
0%
51530 Mancy
0%
51260 Marcilly-sur-Seine
0%
51530 Mardeuil
0%
51270 Mareuil-en-Brie
0%
51700 Mareuil-le-Port
0%
51170 Marfaux
0%
51290 Margerie-Hancourt
0%
51210 Margny
0%
51230 Marigny
0%
51300 Marolles
0%
51260 Marsangis
0%
51240 Marson
0%
51800 Massiges
0%
51300 Matignicourt-Goncourt
0%
51510 Matougues
0%
51340 Maurupt-le-Montois
0%
51210 Mécringes
0%
51220 Merfy
0%
51300 Merlaut
0%
51390 Méry-Prémecy
0%
51800 Minaucourt-le-Mesnil-lès-Hurlus
0%
51120 Mœurs-Verdey
0%
51800 Moiremont
0%
51240 Moivre
0%
51290 Moncetz-l'Abbaye
0%
51470 Moncetz-Longevas
0%
51120 Mondement-Montgivroux
0%
51500 Montbré
0%
51320 Montépreux
0%
51260 Montgenost
0%
51530 Monthelon
0%
51140 Montigny-sur-Vesle
0%
51210 Montmirail
0%
51270 Montmort-Lucy
0%
51170 Mont-sur-Courville
0%
51530 Morangis
0%
51210 Morsains
0%
51530 Moslins
0%
51400 Mourmelon-le-Grand
0%
51400 Mourmelon-le-Petit
0%
51530 Moussy
0%
51140 Muizon
0%
51160 Mutigny
0%
51480 Nanteuil-la-Forêt
0%
51120 Nesle-la-Reposte
0%
51700 Nesle-le-Repons
0%
51310 Neuvy
0%
51420 Nogent-l'Abbesse
0%
51330 Noirlieu
0%
51300 Norrois
0%
51240 Nuisement-sur-Coole
0%
51480 Œuilly
0%
51230 Ognes
0%
51530 Oiry
0%
51700 Olizy
0%
51240 Omey
0%
51270 Orbais-l'Abbaye
0%
51300 Orconte
0%
51290 Outines
0%
51300 Outrepont
0%
51120 Oyes
0%
51390 Pargny-lès-Reims
0%
51340 Pargny-sur-Saulx
0%
51800 Passavant-en-Argonne
0%
51700 Passy-Grigny
0%
51120 Péas
0%
51140 Pévy
0%
51130 Pierre-Morains
0%
51530 Pierry
0%
51230 Pleurs
0%
51300 Plichancourt
0%
51150 Plivot
0%
51130 Pocancy
0%
51240 Pogny
0%
51170 Poilly
0%
51460 Poix
0%
51110 Pomacle
0%
51490 Pontfaverger-Moronvilliers
0%
51300 Ponthion
0%
51330 Possesse
0%
51260 Potangis
0%
51220 Pouillon
0%
51480 Pourcy
0%
51300 Pringy
0%
51400 Prosnes
0%
51140 Prouilly
0%
51360 Prunay
0%
51500 Puisieulx
0%
51120 Queudes
0%
51330 Rapsécourt
0%
51520 Recy
0%
51300 Reims-la-Brûlée
0%
51330 Remicourt
0%
51120 Reuves
0%
51310 Réveillon
0%
51210 Rieux
0%
51500 Rilly-la-Montagne
0%
51140 Romain
0%
51480 Romery
0%
51170 Romigny
0%
51390 Rosnay
0%
51130 Rouffy
0%
51800 Rouvroy-Ripont
0%
51500 Sacy
0%
51300 Saint-Amand-sur-Fion
0%
51310 Saint-Bon
0%
51370 Saint-Brice-Courcelles
0%
51290 Saint-Chéron
0%
51700 Sainte-Gemme
0%
51600 Sainte-Marie-à-Py
0%
51290 Sainte-Marie-du-Lac-Nuisement
0%
51110 Saint-Étienne-sur-Suippe
0%
52100 Saint-Eulien
0%
51390 Saint-Euphraise-et-Clairizet
0%
51240 Saint-Germain-la-Ville
0%
51510 Saint-Gibrien
0%
51170 Saint-Gilles
0%
51400 Saint-Hilaire-au-Temple
0%
51600 Saint-Hilaire-le-Grand
0%
51490 Saint-Hilaire-le-Petit
0%
51160 Saint-Imoges
0%
51330 Saint-Jean-devant-Possesse
0%
51240 Saint-Jean-sur-Moivre
0%
51600 Saint-Jean-sur-Tourbe
0%
51260 Saint-Just-Sauvage
0%
51120 Saint-Loup
0%
51300 Saint-Lumier-en-Champagne
0%
51340 Saint-Lumier-la-Populeuse
0%
51130 Saint-Mard-lès-Rouffy
0%
51800 Saint-Mard-sur-Auve
0%
51330 Saint-Mard-sur-le-Mont
0%
51240 Saint-Martin-aux-Champs
0%
51530 Saint-Martin-d'Ablois
0%
51490 Saint-Martin-l'Heureux
0%
51520 Saint-Martin-sur-le-Pré
0%
51490 Saint-Masmes
0%
51320 Saint-Ouen-Domprot
0%
51510 Saint-Pierre
0%
51300 Saint-Quentin-les-Marais
0%
51120 Saint-Quentin-le-Verger
0%
51240 Saint-Quentin-sur-Coole
0%
51290 Saint-Remy-en-Bouzemont-Saint-Genest-et-Isson
0%
51120 Saint-Remy-sous-Broyes
0%
51600 Saint-Remy-sur-Bussy
0%
51260 Saint-Saturnin
0%
51600 Saint-Souplet-sur-Py
0%
51220 Saint-Thierry
0%
51800 Saint-Thomas-en-Argonne
0%
51290 Saint-Utin
0%
51340 Saint-Vrain
0%
52100 Sapignicourt
0%
51170 Sarcy
0%
51260 Saron-sur-Aube
0%
51520 Sarry
0%
51120 Saudoy
0%
51170 Savigny-sur-Ardres
0%
51340 Scrupt
0%
51490 Selles
0%
51400 Sept-Saulx
0%
51250 Sermaize-les-Bains
0%
51500 Sermiers
0%
51800 Servon-Melzicourt
0%
51170 Serzy-et-Prin
0%
51122 Sézanne
0%
51500 Sillery
0%
51800 Sivry-Ante
0%
51520 Sogny-aux-Moulins
0%
51340 Sogny-en-l'Angle
0%
51120 Soizy-aux-Bois
0%
51800 Somme-Bionne
0%
51600 Sommepy-Tahure
0%
51320 Sommesous
0%
51600 Somme-Suippe
0%
51600 Somme-Tourbe
0%
51460 Somme-Vesle
0%
51330 Somme-Yèvre
0%
51320 Sompuis
0%
51290 Somsois
0%
51240 Songy
0%
51600 Souain-Perthes-lès-Hurlus
0%
51320 Soudé
0%
51320 Soudron
0%
51300 Soulanges
0%
51130 Soulières
0%
51600 Suippes
0%
51270 Suizy-le-Franc
0%
51500 Taissy
0%
51270 Talus-Saint-Prix
0%
51230 Thaas
0%
51510 Thibie
0%
51300 Thiéblemont-Farémont
0%
51460 Tilloy-et-Bellay
0%
51240 Togny-aux-Bœufs
0%
51150 Tours-sur-Marne
0%
51170 Tramery
0%
51130 Trécon
0%
51210 Tréfols
0%
51380 Trépail
0%
51140 Treslon
0%
51140 Trigny
0%
51340 Trois-Fontaines-l'Abbaye
0%
51500 Trois-Puits
0%
51700 Troissy
0%
51170 Unchair
0%
51400 Vadenay
0%
51150 Val de Livre
0%
51130 Val-des-Marais
0%
51360 Val-de-Vesle
0%
51340 Val-de-Vière
0%
51800 Valmy
0%
51330 Vanault-le-Châtel
0%
51340 Vanault-les-Dames
0%
51140 Vandeuil
0%
51700 Vandières
0%
51320 Vassimont-et-Chapelaine
0%
51210 Vauchamps
0%
51480 Vauciennes
0%
51300 Vauclerc
0%
51380 Vaudemange
0%
51600 Vaudesincourt
0%
51300 Vavray-le-Grand
0%
51300 Vavray-le-Petit
0%
51130 Vélye
0%
51140 Ventelay
0%
51480 Venteuil
0%
51210 Verdon
0%
51330 Vernancourt
0%
51700 Verneuil
0%
51800 Verrières
0%
51130 Vert-Toulon
0%
51360 Verzenay
0%
51380 Verzy
0%
51240 Vésigneul-sur-Marne
0%
51800 Vienne-la-Ville
0%
51800 Vienne-le-Château
0%
51390 Ville-Dommange
0%
51500 Ville-en-Selve
0%
51170 Ville-en-Tardenois
0%
51310 Villeneuve-la-Lionne
0%
51130 Villeneuve-Renneville-Chevigny
0%
51120 Villeneuve-Saint-Vistre-et-Villevotte
0%
51500 Villers-Allerand
0%
51130 Villers-aux-Bois
0%
51500 Villers-aux-Nœuds
0%
51800 Villers-en-Argonne
0%
51220 Villers-Franqueux
0%
51510 Villers-le-Château
0%
51250 Villers-le-Sec
0%
51380 Villers-Marmery
0%
51130 Villeseneux
0%
51800 Ville-sur-Tourbe
0%
51270 Villevenard
0%
51260 Villiers-aux-Corneilles
0%
51530 Vinay
0%
51700 Vincelles
0%
51120 Vindey
0%
51800 Virginy
0%
51300 Vitry-en-Perthois
0%
51240 Vitry-la-Ville
0%
51800 Voilemont
0%
51260 Vouarces
0%
51340 Vouillers
0%
51130 Vouzy
0%
51150 Vraux
0%
51390 Vrigny
0%
51330 Vroil
0%
51800 Wargemoulin-Hurlus
0%
51110 Warmeriville
0%
Aucun quiz correspondant
Distribution des résultats
% des personnes avec chaque résultat
Percentile par nombre de réponses
Votre historique - résultats
Vous n’avez pas pris ce quiz